Čítajme s porozumením hráme sa s textami : pracovný zošit pre 3. a 4. ročník základnej školy

Bibliographic Details
Main Author: Gahérová, Zuzana (Author)
Other Authors: Gajová, Anna, 1964- (Illustrator)
Format: Book
Language:Slovak
Published: Bratislava Didaktis 2011
Edition:1. vyd.
Subjects:

MARC

LEADER 00000cam a2200000 a 4500
001 vtls010309503
003 SK-MaSNL
005 20260301032027.0
008 240315s2011 xo a b 000 0 slo
015 |a SNBA2013/06 
020 |a 9788089160839  |q (brož.) 
035 |a 42DCD61D-7A34-46AC-A214-10F17E4ADE6F 
035 |a urn:nbn:sk:snk-amjxld 
035 |a urn:nbn:sk:snk-am007y0y 
035 |a urn:nbn:sk:snk-am008be5 
035 |a 2C5FA772-74A6-42B6-AFA3-E1E295F96D2F 
040 |a SNK  |b slo  |c SNK  |e AACR2 
041 0 |a slo 
044 |a xo  |c SK 
072 7 |a 373.2/.3  |x Predškolská a primárna výchova a vzdelávanie  |2 konspekt 
080 |a 37.016:028-028.31  |2 2001 
080 |a (075.2)  |2 2001 
080 |a (076.1)  |2 2001 
100 1 |a Gahérová, Zuzana  |4 aut  |9 328581 
245 1 0 |a Čítajme s porozumením  |b hráme sa s textami : pracovný zošit pre 3. a 4. ročník základnej školy  |c Zuzana Gahérová ; [ilustrácie Anna Gajová] 
250 |a 1. vyd. 
260 |a Bratislava  |b Didaktis  |c 2011 
300 |a 64 s.  |b ilustr.  |c 30 cm  |e 1 príl. s vystihovačkami (32 s.) 
650 0 7 |a čítanie s porozumením  |2 SNKPH  |9 74316 
650 0 7 |a Reading comprehension  |2 SNKPHeng  |9 302881 
655 7 |a učebnice základných škôl  |2 SNKPH  |9 70187 
655 7 |a pracovné zošity  |2 SNKPH  |9 70188 
655 7 |a Textbooks (elementary)  |2 SNKPHeng  |9 276977 
655 7 |a Activity books  |2 SNKPHeng  |9 302885 
700 1 |a Gajová, Anna,  |d 1964-  |4 ill  |9 107295 
852 |a Štátna vedecká knižnica v Banskej Bystrici 
919 |a 978-80-89160-83-9 
999 |c 577697  |d 579627 
952 |a SNK  |b SNK  |y VYP  |7 0  |p 17A1093711  |o snkSB 85022 D1  |i snk2013/30009  |8 0  |0 0  |1 0  |4 0  |d 2013-12-06  |l 0  |r 2016-06-30 00:00:00  |w 2026-02-23 
952 |a SNK  |b SNK  |y VYP  |7 0  |p 17A1091572  |o snkSB 85022/príl. D1  |i snk2013/30009  |8 0  |3 1. príl. -- 1 príl.  |0 0  |1 0  |4 0  |d 2013-12-06  |l 0  |r 2016-06-30 00:00:00  |w 2026-02-23 
952 |a SNK  |b SNK  |y PREZ  |7 0  |p 17A1071160  |o snkSB 85022/príl.  |i snk2013/11309  |8 0  |z Príloha: vystihovačky (32 s.)  |0 0  |1 0  |4 0  |d 2013-05-20  |f 1  |l 0  |r 2025-05-07 00:00:00  |w 2026-02-23 
952 |a SNK  |b SNK  |y PREZ  |7 0  |p 17A1071162  |o snkSB 85022  |i snk2013/11309  |8 0  |3 Dokument obsahuje príl. s vystihovačkami  |0 0  |1 0  |4 0  |d 2013-05-20  |f 1  |l 0  |r 2025-05-07 00:00:00  |w 2026-02-23